000 00828cam a2200229 a 4500
001 000006315
005 20240422104514.0
008 790306s1975 cr a 000 p spa d
040 _aDO-SdBNP
_bspa
_cDLC
_dDLC
_dBNPHU
082 _aCh861.4
_bB142p
100 1 _aBaeza Flores, Alberto,
_d1914-1998
_97565
245 1 0 _aPoesía en el tiempo :
_btercera antología poética, 1934-1974 /
_cAlberto Baeza Flores.
260 _aSan José, Costa Rica :
_bÉpoca y Ser,
_c1975.
_e(Barcelona :
_fArtes Gráficas Medinaceli)
300 _a342 p. :
_bil. ;
_c21 cm.
490 1 _aPoetas hispanoamericanos. Tiempo de ahora
650 4 _aPoesía chilena
_99166
650 4 _aLiteratura chilena
_93164
830 0 _aPoetas hispanoamericanos.
_pTiempo de ahora
_914712
910 _aCatalogación por copia / LC
910 _aWM
049 _aBNGR
999 _c6110
_d6110